[Event "34.Schlosspark-Open"]
[Site "Wiesbaden-Biebrich"]
[Date "2025.08.31"]
[Round "7.10"]
[White "Baranyai-Molnar, Adam"]
[Black "Pradeep, Harshill"]
[Result "1/2-1/2"]
[WhiteElo "2278"]
[BlackElo "1981"]
[PlyCount "52"]
[EventDate "2025.08.28"]
[WhiteTeam "SF Neuberg"]
[BlackTeam "SK Bickenbach"]

1. f4 Nf6 2. Nf3 g6 3. d3 d5 4. g3 Bg7 5. Bg2 O-O 6. O-O c5 7. Ne5 d4 8. e4 dxe3 9. Bxe3 Nfd7 10. Nc4 Nb6 11. Nbd2 Qc7 12. Qf3 N8d7 13. c3 Nxc4 14. Nxc4 Rb8 15. f5 b5 16. Bf4 Ne5 17. Nxe5 Bxe5 18. Bh6 Bg7 19. Bxg7 Kxg7 20. f6+ Kg8 21. Rae1 Be6 22. fxe7 Qxe7 23. d4 cxd4 24. cxd4 Rbd8 25. Bh3 Qd6 26. Bxe6 Qxd4+ 1/2-1/2

[Event "34.Schlosspark-Open"]
[Site "Wiesbaden-Biebrich"]
[Date "2025.08.31"]
[Round "7.11"]
[White "Hoffmann, Jens"]
[Black "Helmer, Jan"]
[Result "1-0"]
[WhiteElo "2088"]
[BlackElo "2231"]
[PlyCount "92"]
[EventDate "2025.08.28"]
[WhiteTeam "SF HN-Biberach 1978 e.V."]
[BlackTeam "HSK Lister Turm"]

1. e4 c5 2. Nf3 Nc6 3. d4 cxd4 4. Nxd4 e5 5. Nb5 d6 6. c4 Be6 7. Bd3 g6 8. O-O a6 9. N5c3 Bg7 10. Nd5 Nf6 11. Nbc3 Nd7 12. Be3 O-O 13. Qd2 Rc8 14. Rab1 Nd4 15. Ne2 Nxe2+ 16. Qxe2 f5 17. f3 Bxd5 18. cxd5 f4 19. Bf2 Bf6 20. Kh1 Bh4 21. Bg1 Qg5 22. Rfc1 Qd8 23. Qd2 Rxc1 24. Rxc1 Qb8 25. Qb4 Be7 26. Qa4 Rc8 27. Qxd7 Rxc1 28. Qxe7 Qc7 29. Qxc7 Rxc7 30. g3 fxg3 31. hxg3 Rc1 32. Kg2 Rd1 33. Bc4 Rd2+ 34. Kh3 b5 35. Bb3 a5 36. Bb6 a4 37. Bxa4 bxa4 38. Bc7 Rxb2 39. Bxd6 Rxa2 40. Bxe5 Rf2 41. Kg4 a3 42. f4 a2 43. Kg5 Kf7 44. g4 Re2 45. d6 Rxe4 46. Bf6 h6+ 1-0

[Event "34.Schlosspark-Open"]
[Site "Wiesbaden-Biebrich"]
[Date "2025.08.31"]
[Round "7.12"]
[White "Reus, Rudolf"]
[Black "Dörr, Tarik"]
[Result "0-1"]
[WhiteElo "2226"]
[BlackElo "2010"]
[PlyCount "114"]
[EventDate "2025.08.28"]
[WhiteTeam "Sfr.Mainz 1928"]
[BlackTeam "SC Einrich e.V."]

1. c4 Nf6 2. Nc3 c5 3. Nf3 Nc6 4. e3 g6 5. d4 cxd4 6. exd4 d5 7. c5 Bg7 8. Bb5 O-O 9. O-O Bg4 10. Bxc6 bxc6 11. h3 Bxf3 12. Qxf3 Nd7 13. Bg5 Bxd4 14. Rfe1 Bf6 15. Bxf6 Nxf6 16. b4 a5 17. b5 cxb5 18. Nxb5 Ne4 19. Rac1 a4 20. Qe2 Rc8 21. c6 Qb6 22. c7 e6 23. Rb1 Rxc7 24. Nxc7 Qxc7 25. Rbc1 Qa5 26. Rc6 Qb4 27. Rec1 Nd6 28. Qf3 Nc4 29. Qe2 Qb7 30. R6xc4 dxc4 31. Rxc4 Rc8 32. Rxa4 Rc1+ 33. Kh2 Qc7+ 34. g3 Rc2 35. Qe3 Qc6 36. Qa7 Rxf2+ 37. Qxf2 Qxa4 38. Qb2 Kf8 39. Qb8+ Ke7 40. Qc7+ Kf6 41. Qc3+ e5 42. a3 Qd4 43. Qxd4 exd4 44. Kg2 Ke5 45. Kf3 f5 46. a4 g5 47. a5 Kd5 48. a6 Kc6 49. g4 f4 50. Ke4 Kb6 51. Kxd4 Kxa6 52. Ke4 Kb6 53. h4 h6 54. hxg5 hxg5 55. Kd4 Kb5 56. Kd3 Kc5 57. Ke4 Kc4 0-1

[Event "34.Schlosspark-Open"]
[Site "Wiesbaden-Biebrich"]
[Date "2025.08.31"]
[Round "7.14"]
[White "Khenkin, Igor"]
[Black "Geltz, Noah"]
[Result "1-0"]
[WhiteElo "2499"]
[BlackElo "2169"]
[PlyCount "115"]
[EventDate "2025.08.28"]
[WhiteTeam "Wiesbadener SV 1885"]
[BlackTeam "SF HN-Biberach 1978 e.V."]

1. d4 d5 2. c4 c6 3. Nf3 Nf6 4. Nc3 e6 5. Bg5 Nbd7 6. cxd5 exd5 7. Qc2 Bd6 8. e3 O-O 9. Bd3 h6 10. Bh4 Re8 11. O-O Be7 12. Rab1 Ne4 13. Bxe4 Bxh4 14. Bh7+ Kf8 15. Nxh4 Qxh4 16. Bd3 Nf6 17. b4 b6 18. Ne2 Bd7 19. b5 Rac8 20. bxc6 Bxc6 21. Qb3 Qg4 22. Ba6 Rc7 23. Rfc1 Qd7 24. Rc2 Re6 25. Nf4 Rd6 26. Nd3 Bb7 27. Ne5 Qe7 28. Bxb7 Rxc2 29. Qxc2 Qxb7 30. Rc1 Ne8 31. Qh7 Nf6 32. Qc2 Ne8 33. h4 f6 34. Ng6+ Kf7 35. Nf4 Qd7 36. h5 Qd8 37. Kf1 Qd7 38. Ke1 Kg8 39. Qc8 Kf8 40. Ke2 Ke7 41. Qa8 Kf7 42. Rc8 a5 43. Kf3 Nc7 44. Qb8 Na6 45. Rf8+ Ke7 46. Ng6+ Ke6 47. Qe8+ Qxe8 48. Rxe8+ Kf7 49. Rf8+ Ke6 50. Re8+ Kf7 51. Re7+ Kg8 52. Kf4 Nb4 53. Kf5 Rd8 54. Nf4 Nc6 55. Rc7 Rd6 56. Ne6 Nd8 57. Rxg7+ Kh8 58. Re7 1-0

[Event "34.Schlosspark-Open"]
[Site "Wiesbaden-Biebrich"]
[Date "2025.08.31"]
[Round "7.16"]
[White "Jahnel, Günther"]
[Black "Schneider, Jörg"]
[Result "1-0"]
[WhiteElo "2163"]
[BlackElo "2004"]
[PlyCount "77"]
[EventDate "2025.08.28"]
[WhiteTeam "FVS ASP Hoyerswerda"]
[BlackTeam "Sfr.Mainz 1928"]

1. d4 Nf6 2. c4 g6 3. Nc3 Bg7 4. Nf3 O-O 5. Bg5 d6 6. e3 a5 7. Be2 Nbd7 8. Bh4 Nb6 9. O-O Bd7 10. Qc2 Rb8 11. Rfd1 Qe8 12. h3 Nc8 13. a3 Nb6 14. b3 Be6 15. a4 d5 16. c5 Na8 17. Bg3 Rc8 18. Ne5 c6 19. Rab1 Nd7 20. Nxd7 Bxd7 21. b4 Bf5 22. Bd3 Bxd3 23. Qxd3 axb4 24. Rxb4 e5 25. Rxb7 f5 26. a5 f4 27. exf4 exd4 28. Ne2 Nc7 29. Nxd4 Bxd4 30. Qxd4 Ne6 31. Qe5 Rf7 32. Rxf7 Qxf7 33. Qd6 Ng7 34. Rb1 Nf5 35. Qe5 Qf8 36. Qe6+ Kh8 37. a6 Nd4 38. Qe5+ Qg7 39. Rb8 1-0

[Event "34.Schlosspark-Open"]
[Site "Wiesbaden-Biebrich"]
[Date "2025.08.31"]
[Round "7.17"]
[White "Heindrich, Mark"]
[Black "Akhmatovski, Maxim"]
[Result "0-1"]
[WhiteElo "2037"]
[BlackElo "2136"]
[PlyCount "70"]
[EventDate "2025.08.28"]
[WhiteTeam "SAbt TuS Dotzheim"]
[BlackTeam "SV Oberursel"]

1. e4 e6 2. d3 d5 3. Qe2 dxe4 4. dxe4 e5 5. Be3 Nf6 6. f3 c6 7. Nd2 Be7 8. h4 Be6 9. Nh3 h6 10. Qf2 Nbd7 11. Bc4 Nf8 12. O-O-O Qc7 13. g4 b5 14. Bxe6 Nxe6 15. Nf1 Nd7 16. Ng3 O-O-O 17. Nf5 Bf8 18. g5 h5 19. Rd2 Bb4 20. c3 Bc5 21. Rhd1 Bxe3 22. Qxe3 Nb6 23. b3 Rxd2 24. Rxd2 Rd8 25. Rd3 g6 26. Nh6 Rxd3 27. Qxd3 Qe7 28. Kb2 Qf8 29. Qe3 f6 30. f4 fxg5 31. fxg5 Qf1 32. Ng8 Kb7 33. Nf6 a5 34. Nf2 Nf4 35. Ne8 Qxf2+ 0-1

[Event "34.Schlosspark-Open"]
[Site "Wiesbaden-Biebrich"]
[Date "2025.08.31"]
[Round "7.18"]
[White "Hendriks, Theo"]
[Black "Bauer, Claus"]
[Result "0-1"]
[WhiteElo "1987"]
[BlackElo "2145"]
[PlyCount "67"]
[EventDate "2025.08.28"]
[WhiteTeam "S.V.De Amstel"]
[BlackTeam "Sfr.Mainz 1928"]

1. e4 d6 2. d4 Nf6 3. Nc3 e5 4. dxe5 dxe5 5. Qxd8+ Kxd8 6. Bg5 Be6 7. O-O-O+ Nbd7 8. Nf3 Bd6 9. Nd2 h6 10. Bh4 g5 11. Bg3 Nh5 12. Nc4 Ke7 13. Nxd6 cxd6 14. Nb5 Nc5 15. Nxd6 Rhd8 16. Nf5+ Kf6 17. Nd6 Nxg3 18. hxg3 Ke7 19. Nf5+ Bxf5 20. Rxd8 Rxd8 21. exf5 Ne4 22. Rxh6 Nxf2 23. Be2 e4 24. b3 e3 25. f6+ Ke6 26. Bc4+ Ke5 27. Rh7 Rd1+ 28. Kb2 Rd7 29. Rh5 Kxf6 30. Rh6+ Kg7 31. Rh5 f6 32. Kc1 Re7 33. Kb2 a6 34. Kc3 0-1

[Event "34.Schlosspark-Open"]
[Site "Wiesbaden-Biebrich"]
[Date "2025.08.31"]
[Round "7.19"]
[White "Wolf, Ulrich Martin"]
[Black "von Auer, Ulrich"]
[Result "1/2-1/2"]
[WhiteElo "2143"]
[BlackElo "1960"]
[PlyCount "97"]
[EventDate "2025.08.28"]
[WhiteTeam "SK Bad Homburg 1927"]
[BlackTeam "SV Oberursel"]

1. Nf3 Nf6 2. g3 b6 3. Bg2 Bb7 4. O-O e6 5. c4 c5 6. d4 cxd4 7. b3 d6 8. Qxd4 Nbd7 9. Nc3 a6 10. Bb2 Be7 11. Rfd1 O-O 12. Nd2 Bxg2 13. Kxg2 Qc7 14. e4 Rfd8 15. Nf1 Qc6 16. Rac1 Rac8 17. f3 Nc5 18. Ne3 Qb7 19. Nc2 h6 20. Qe3 Ne8 21. h4 Bf6 22. Nd4 Nd7 23. Rd2 Ne5 24. Rcd1 h5 25. Qe2 Ng6 26. Kh2 Ne5 27. Qe3 Rc5 28. Kg1 b5 29. cxb5 axb5 30. Qe2 b4 31. Na4 Rc7 32. Kg2 Rb8 33. f4 Ng4 34. Nf3 Bxb2 35. Nxb2 Ngf6 36. Rxd6 Nxe4 37. Rd8 Rxd8 38. Rxd8 Kh7 39. Nc4 f5 40. Qd3 Qa7 41. Qe2 Rd7 42. Rxd7 Qxd7 43. Ng5+ Nxg5 44. hxg5 Qd4 45. Ne5 Qd5+ 46. Kg1 Qd4+ 47. Kf1 Qd5 48. Kg1 Qd4+ 49. Kf1 1/2-1/2

[Event "34.Schlosspark-Open"]
[Site "Wiesbaden-Biebrich"]
[Date "2025.08.31"]
[Round "7.20"]
[White "Töpfer, Albrecht"]
[Black "Hipler, Andreas"]
[Result "1-0"]
[WhiteElo "2139"]
[BlackElo "1873"]
[PlyCount "57"]
[EventDate "2025.08.28"]
[WhiteTeam "SC Fulda"]
[BlackTeam "SK Gau-Algesheim"]

1. d4 Nf6 2. Nf3 e6 3. Bf4 d5 4. e3 Bd6 5. Nbd2 O-O 6. c3 b6 7. Ne5 Bb7 8. Bd3 c5 9. Qf3 Qc7 10. g4 Nc6 11. g5 Nd7 12. Qh3 g6 13. Nxg6 hxg6 14. Bxg6 fxg6 15. Qxe6+ Rf7 16. Qxg6+ Rg7 17. Qe6+ Kh8 18. Bxd6 Qd8 19. Nf3 Nf8 20. Qh3+ Rh7 21. Qg3 Ne6 22. h4 Qe8 23. O-O-O Qg6 24. Be5+ Kg8 25. Bf6 Nc7 26. h5 Rxh5 27. Rxh5 Qxh5 28. Qxc7 Qh7 29. Qxh7+ 1-0

[Event "34.Schlosspark-Open"]
[Site "Wiesbaden-Biebrich"]
[Date "2025.08.31"]
[Round "7.21"]
[White "Hensel, Roman"]
[Black "Stephanblome, Felix"]
[Result "0-1"]
[WhiteElo "1806"]
[BlackElo "2116"]
[PlyCount "56"]
[EventDate "2025.08.28"]
[WhiteTeam "SV Oberursel"]
[BlackTeam "SV 1934 Ffm-Griesheim"]

1. e4 e5 2. Nf3 Nc6 3. Bc4 Bc5 4. c3 Nf6 5. d4 exd4 6. e5 d5 7. Bb5 Ne4 8. cxd4 Bb6 9. Nc3 O-O 10. Be3 Bg4 11. h3 Bh5 12. Qc2 Bg6 13. Qb3 Ne7 14. O-O c6 15. Bd3 Nd2 16. Nxd2 Bxd3 17. Rfe1 Bg6 18. Na4 Nf5 19. Nc5 Bxc5 20. dxc5 d4 21. Bf4 d3 22. Be3 Qd7 23. Nc4 Nd4 24. Bxd4 Qxd4 25. Nd6 Qxc5 26. Qxb7 Rab8 27. Qc7 Rxb2 28. Re3 d2 0-1

[Event "34.Schlosspark-Open"]
[Site "Wiesbaden-Biebrich"]
[Date "2025.08.31"]
[Round "7.22"]
[White "Sreeramulu, Aarush"]
[Black "Fang, Borui"]
[Result "1-0"]
[WhiteElo "2115"]
[BlackElo "1831"]
[PlyCount "89"]
[EventDate "2025.08.28"]
[WhiteTeam "SK Marburg 1931/72"]
[BlackTeam "SV Oberursel"]

1. c4 Nf6 2. d4 c6 3. Nc3 d5 4. Nf3 e6 5. cxd5 exd5 6. Bg5 Be7 7. e3 O-O 8. Bd3 h6 9. Bh4 Re8 10. Qc2 Ne4 11. Bxe7 Qxe7 12. O-O Nd7 13. b4 Ndf6 14. b5 Bd7 15. bxc6 bxc6 16. Bxe4 Nxe4 17. Nxe4 Qxe4 18. Qxe4 dxe4 19. Ne5 Be6 20. Nxc6 Rac8 21. Nxa7 Ra8 22. Nc6 Rxa2 23. Rxa2 Bxa2 24. Ra1 Bd5 25. Rc1 Kf8 26. Ne5 Be6 27. h4 g5 28. hxg5 hxg5 29. Rc7 Kg7 30. Kh2 Ra8 31. Kg3 Ra3 32. Nd7 Bf5 33. Nc5 Kf6 34. Rb7 Rc3 35. Rb8 Ke7 36. Rg8 Bg6 37. Rxg6 fxg6 38. Nxe4 Ra3 39. Nxg5 Kf6 40. Kg4 Ra2 41. g3 Ke7 42. f4 Ra4 43. Kf3 Kf6 44. Ne4+ Kf5 45. g4+ 1-0

[Event "34.Schlosspark-Open"]
[Site "Wiesbaden-Biebrich"]
[Date "2025.08.31"]
[Round "7.23"]
[White "Perske, Paul"]
[Black "Calvi, Stefan"]
[Result "1/2-1/2"]
[WhiteElo "2183"]
[BlackElo "1959"]
[PlyCount "86"]
[EventDate "2025.08.28"]
[WhiteTeam "Sfr.Heidesheim"]
[BlackTeam "SV Oberursel"]

1. d4 Nf6 2. c4 e6 3. Nf3 Bb4+ 4. Bd2 Qe7 5. e3 Bxd2+ 6. Qxd2 O-O 7. Nc3 d6 8. Bd3 e5 9. Bc2 Nbd7 10. O-O Re8 11. Rfd1 b6 12. b4 Bb7 13. d5 a5 14. a3 g6 15. Ba4 Rf8 16. Bc6 Rfb8 17. Qc2 Nf8 18. Nd2 Bxc6 19. dxc6 axb4 20. axb4 Ne6 21. Nd5 Nxd5 22. cxd5 Ng7 23. Ra4 Rxa4 24. Qxa4 f5 25. Qa7 Rf8 26. Rc1 Qf7 27. Qa2 Ne8 28. Nf3 h6 29. Rd1 g5 30. h3 Kg7 31. Nh2 b5 32. Nf3 Qf6 33. h4 gxh4 34. Qc4 f4 35. e4 Kh8 36. Qe2 Rg8 37. Nh2 Qg6 38. Qf3 Nf6 39. Re1 Nh7 40. Kh1 Ng5 41. Qd3 Rc8 42. Nf3 Nxf3 43. gxf3 Rg8 1/2-1/2

[Event "34.Schlosspark-Open"]
[Site "Wiesbaden-Biebrich"]
[Date "2025.08.31"]
[Round "7.24"]
[White "Dauster, Ronald"]
[Black "Sievers, Andy"]
[Result "1/2-1/2"]
[WhiteElo "1954"]
[BlackElo "2148"]
[PlyCount "98"]
[EventDate "2025.08.28"]
[WhiteTeam "FT Schierstein"]
[BlackTeam "SK Kaiserslautern 1905"]

1. c4 Nf6 2. Nc3 g6 3. e4 e5 4. g3 Bg7 5. Bg2 O-O 6. Nge2 d6 7. O-O Be6 8. d3 c6 9. h3 Ne8 10. b3 f5 11. d4 Nd7 12. dxe5 dxe5 13. Qc2 Qc7 14. f4 Nef6 15. Ba3 Rfd8 16. Rad1 Nf8 17. fxe5 Qxe5 18. Nf4 Nxe4 19. Nxe4 fxe4 20. Nxe6 Nxe6 21. Qxe4 Qxe4 22. Bxe4 Nd4 23. Kg2 Re8 24. Rfe1 Rad8 25. Bc5 Ne6 26. Be3 Bd4 27. Bxd4 Nxd4 28. Bd5+ cxd5 29. Rxe8+ Rxe8 30. Rxd4 dxc4 31. Rxc4 Re7 32. Kf2 Kf7 33. Kf3 g5 34. h4 gxh4 35. gxh4 Kg6 36. Rc5 Rd7 37. Rb5 b6 38. a4 Rd3+ 39. Kf4 Rd4+ 40. Kg3 Rd3+ 41. Kf4 Rd4+ 42. Kg3 h5 43. a5 Rd3+ 44. Kg2 Rd6 45. axb6 Rxb6 46. Ra5 Rxb3 47. Rxa7 Kf5 48. Ra5+ Kg4 49. Ra4+ Kf5 1/2-1/2

[Event "34.Schlosspark-Open"]
[Site "Wiesbaden-Biebrich"]
[Date "2025.08.31"]
[Round "7.25"]
[White "Vranckx, Oscar"]
[Black "Jakob, Steffen"]
[Result "1-0"]
[WhiteElo "2107"]
[BlackElo "1918"]
[PlyCount "93"]
[EventDate "2025.08.28"]
[WhiteTeam "Sfr.Mainz 1928"]
[BlackTeam "Sges Bensheim 1931"]

1. a3 d5 2. e3 Nf6 3. Nf3 Bg4 4. h3 Bh5 5. d4 e6 6. Bd3 Be7 7. b3 O-O 8. O-O Nbd7 9. Bb2 c6 10. Nbd2 Bg6 11. Ne5 Bxd3 12. cxd3 c5 13. f4 cxd4 14. exd4 Ne8 15. f5 exf5 16. Rxf5 Ndf6 17. Rc1 Rc8 18. Rf2 Nd6 19. Nf1 Qb6 20. Rxc8 Rxc8 21. Ne3 Qd8 22. Qf3 Nde8 23. g4 g5 24. Nf5 Bf8 25. Qe3 h6 26. Qf3 Rc7 27. Qg2 Nd6 28. Ne3 Nde8 29. h4 gxh4 30. g5 Nh7 31. Nxd5 h3 32. Qh1 Qxg5+ 33. Kh2 Qh4 34. Qg1+ Ng5 35. Nxc7 Nxc7 36. Nxf7 Nd5 37. Bc1 Be7 38. Bxg5 hxg5 39. Rf5 g4 40. Qxg4+ Qxg4 41. Nh6+ Kg7 42. Nxg4 Bd6+ 43. Ne5 Ne3 44. Rf7+ Kg8 45. Rxb7 Nc2 46. Kxh3 Nxa3 47. Nc4 1-0

[Event "34.Schlosspark-Open"]
[Site "Wiesbaden-Biebrich"]
[Date "2025.08.31"]
[Round "7.26"]
[White "Stehning, Toni"]
[Black "Pohle, Dirk"]
[Result "1/2-1/2"]
[WhiteElo "1891"]
[BlackElo "2101"]
[PlyCount "97"]
[EventDate "2025.08.28"]
[WhiteTeam "SF Braunfels"]
[BlackTeam "Langenfelder Schachfreunde 1933"]

1. e4 d6 2. d4 e5 3. Nf3 Nc6 4. Bb5 Bd7 5. Nc3 exd4 6. Nxd4 Nxd4 7. Bxd7+ Qxd7 8. Qxd4 Ne7 9. Be3 Nc6 10. Qa4 Be7 11. O-O-O O-O 12. Nd5 Bd8 13. f4 Qg4 14. Qb3 Na5 15. Qd3 Re8 16. g3 c6 17. Nc3 b5 18. h3 Qc8 19. b3 Nb7 20. Rhf1 Bf6 21. Bd4 Bxd4 22. Qxd4 a5 23. e5 dxe5 24. fxe5 Qe6 25. Qd7 Nc5 26. Qxe6 Rxe6 27. Rd6 Rxe5 28. Rxc6 b4 29. Nd1 Ne6 30. c4 Rd8 31. Ra6 Nc5 32. Ra7 f6 33. Nb2 Ne4 34. Re1 h5 35. Na4 Rd4 36. c5 Nxc5 37. Rxe5 Nd3+ 38. Kc2 fxe5 39. Rxa5 Ne1+ 40. Kb1 Nf3 41. Nb6 h4 42. gxh4 Rxh4 43. Nc4 e4 44. Kc1 Ne1 45. Kd2 Nd3 46. Ra8+ Kh7 47. Nd6 Nc5 48. Rc8 e3+ 49. Kxe3 1/2-1/2

[Event "34.Schlosspark-Open"]
[Site "Wiesbaden-Biebrich"]
[Date "2025.08.31"]
[Round "7.27"]
[White "Müller, Lutz"]
[Black "Musiienko, Platon"]
[Result "0-1"]
[WhiteElo "1911"]
[BlackElo "2083"]
[PlyCount "114"]
[EventDate "2025.08.28"]
[WhiteTeam "Sfr.Mainz 1928"]
[BlackTeam "Wiesbadener SV 1885"]

1. d4 d5 2. Nf3 Nf6 3. Bf4 e6 4. e3 Bd6 5. Bg3 c5 6. c3 Qc7 7. Bd3 Nbd7 8. Nbd2 O-O 9. Qb1 h6 10. O-O e5 11. dxe5 Nxe5 12. Nxe5 Bxe5 13. Qc2 Bxg3 14. hxg3 Re8 15. Rad1 Bg4 16. Nf3 Rad8 17. Bf5 h5 18. Rde1 a6 19. Bd3 b5 20. Qc1 g6 21. Nd2 Kg7 22. Bb1 Qc6 23. b3 Re6 24. Qb2 Qd6 25. b4 c4 26. Nf3 Rh8 27. Qd2 Bxf3 28. gxf3 Qe5 29. Qd4 Qxd4 30. exd4 Rhe8 31. Rxe6 Rxe6 32. Rc1 g5 33. Bf5 Ne8 34. Kf1 Nd6 35. Bc2 a5 36. Rb1 a4 37. Bd1 Kf6 38. Be2 Re8 39. Ke1 h4 40. Kd2 Rh8 41. g4 Ne8 42. f4 gxf4 43. Bf3 Nc7 44. Re1 Re8 45. Rxe8 Nxe8 46. Bxd5 Kg5 47. Bf3 Nf6 48. d5 Ne8 49. Ke2 Nd6 50. Kf1 a3 51. Kg2 f5 52. gxf5 Kxf5 53. Kh3 Ke5 54. Kxh4 Nc8 55. Kg5 Nb6 56. d6 Kxd6 57. Kxf4 Na4 0-1

[Event "34.Schlosspark-Open"]
[Site "Wiesbaden-Biebrich"]
[Date "2025.08.31"]
[Round "7.28"]
[White "Behr, Julian"]
[Black "Becx, Cesar"]
[Result "1/2-1/2"]
[WhiteElo "1898"]
[BlackElo "2065"]
[PlyCount "20"]
[EventDate "2025.08.28"]
[WhiteTeam "Sfr.Mainz 1928"]
[BlackTeam "Tilburg"]

1. e4 e5 2. Nf3 Nc6 3. Bc4 Nf6 4. d3 Be7 5. O-O O-O 6. a4 d6 7. h3 h6 8. a5 a6 9. Nc3 Be6 10. Nd5 Qd7 1/2-1/2

[Event "34.Schlosspark-Open"]
[Site "Wiesbaden-Biebrich"]
[Date "2025.08.31"]
[Round "7.29"]
[White "Waffenschmidt, Joachim"]
[Black "Burkhardt, Jan"]
[Result "1-0"]
[WhiteElo "2025"]
[BlackElo "1915"]
[PlyCount "69"]
[EventDate "2025.08.28"]
[WhiteTeam "SV 1920 Hofheim"]
[BlackTeam "Sfr.Mainz 1928"]

1. d4 d5 2. c4 dxc4 3. e3 Nf6 4. Bxc4 e6 5. Nf3 c5 6. O-O a6 7. Nbd2 Nc6 8. dxc5 Bxc5 9. a3 b5 10. Be2 Bb7 11. b4 Be7 12. Bb2 O-O 13. Rc1 Rc8 14. Nb3 Qb6 15. Nc5 Rfd8 16. Qb3 Ba8 17. Nxe6 fxe6 18. Qxe6+ Kh8 19. Ne5 Rf8 20. Bf3 Nxe5 21. Qxb6 Nxf3+ 22. gxf3 Bxf3 23. Rxc8 Rxc8 24. Qe6 Rc4 25. Bd4 Bd8 26. h3 h6 27. Qxa6 Rc6 28. Qxb5 Nd7 29. Ra1 Rg6+ 30. Kf1 Bc6 31. Qh5 Kh7 32. Qf5 Nf6 33. Bxf6 Bxf6 34. Rc1 Bb7 35. Ke2 1-0

[Event "34.Schlosspark-Open"]
[Site "Wiesbaden-Biebrich"]
[Date "2025.08.31"]
[Round "7.30"]
[White "Gentner, Markus"]
[Black "Faulhaber, Tobias"]
[Result "1/2-1/2"]
[WhiteElo "2001"]
[BlackElo "1913"]
[PlyCount "51"]
[EventDate "2025.08.28"]
[WhiteTeam "SC Murrhardt 1948 e.V."]
[BlackTeam "SC Schifferstadt"]

1. Nf3 d5 2. c4 e6 3. e3 c5 4. b3 Nc6 5. cxd5 exd5 6. Bb5 Bd7 7. Bb2 Nf6 8. Nc3 Bd6 9. d4 a6 10. dxc5 Bxc5 11. Bxc6 Bxc6 12. Ne5 Rc8 13. O-O O-O 14. Rc1 Ba7 15. Nxc6 Rxc6 16. Qf3 Qa5 17. Na4 Rfc8 18. Rxc6 Rxc6 19. Rd1 b5 20. Bxf6 Rxf6 21. Qxd5 h6 22. Kf1 Qc7 23. Qd8+ Qxd8 24. Rxd8+ Kh7 25. Nc3 Bxe3 26. f3 1/2-1/2

[Event "34.Schlosspark-Open"]
[Site "Wiesbaden-Biebrich"]
[Date "2025.08.31"]
[Round "7.31"]
[White "Puschendorf, Steffen"]
[Black "Shanawaz Thabrez, Shahzaib"]
[Result "1-0"]
[WhiteElo "2026"]
[BlackElo "1899"]
[PlyCount "93"]
[EventDate "2025.08.28"]
[WhiteTeam "ESV Gera"]
[BlackTeam "SK Langen"]

1. d4 Nf6 2. c4 e6 3. g3 d5 4. Nf3 Be7 5. Bg2 O-O 6. O-O dxc4 7. Ne5 Nc6 8. Nxc6 bxc6 9. Na3 Rb8 10. Nxc4 c5 11. Ne5 Bb7 12. Bxb7 Rxb7 13. Nc6 Qd7 14. Nxe7+ Qxe7 15. b3 Rd8 16. Ba3 c6 17. Bxc5 Qd7 18. Qc2 Qd5 19. f3 h6 20. e4 Qh5 21. g4 Qg5 22. Qc1 Qg6 23. Qf4 h5 24. h3 Nd7 25. Be7 Re8 26. Qg5 Qxg5 27. Bxg5 hxg4 28. hxg4 f6 29. Be3 e5 30. Rac1 exd4 31. Bxd4 Rc8 32. Rc3 Nf8 33. Rfc1 Ne6 34. Be3 Rbc7 35. Kf2 Kf7 36. f4 Ke7 37. f5 Nd8 38. g5 Rd7 39. g6 Kd6 40. Rd3+ Ke7 41. Bc5+ Ke8 42. Rxd7 Kxd7 43. Bf8 Nf7 44. Rd1+ Ke8 45. Bxg7 Ng5 46. Ke3 Ke7 47. Bh6 1-0

[Event "34.Schlosspark-Open"]
[Site "Wiesbaden-Biebrich"]
[Date "2025.08.31"]
[Round "7.32"]
[White "Kalina, Lena"]
[Black "Schild, Willi"]
[Result "1-0"]
[WhiteElo "1891"]
[BlackElo "2022"]
[PlyCount "89"]
[EventDate "2025.08.28"]
[WhiteTeam "SC Landskrone"]
[BlackTeam "Schachgemeinschaft Siebengebirge"]

1. d4 d5 2. c4 c6 3. cxd5 cxd5 4. Bf4 Nc6 5. Nc3 Qa5 6. a3 a6 7. e3 Nf6 8. Bd3 e6 9. Nf3 Be7 10. O-O b5 11. b4 Qb6 12. Rc1 Bb7 13. Nd2 Na7 14. Na4 bxa4 15. Bc7 Qb5 16. Bxb5+ axb5 17. Qe2 Nd7 18. Nf3 f6 19. Rc3 O-O 20. Rfc1 Rfe8 21. Bg3 Bd8 22. Bd6 Nb6 23. Bc5 Nc4 24. Nh4 Bc6 25. f4 f5 26. Nf3 Bf6 27. h3 g6 28. g4 Nc8 29. Ne5 Bxe5 30. fxe5 Ne7 31. Bxe7 Rxe7 32. gxf5 gxf5 33. Kh2 Rg7 34. Rg1 Rxg1 35. Kxg1 Ra7 36. Qf2 Rg7+ 37. Kf1 h6 38. Qh4 Kh7 39. Kf2 Rg5 40. e4 dxe4 41. Rg3 e3+ 42. Ke2 Kg6 43. Rxg5+ hxg5 44. Qh8 f4 45. Qg8+ 1-0

[Event "34.Schlosspark-Open"]
[Site "Wiesbaden-Biebrich"]
[Date "2025.08.31"]
[Round "7.33"]
[White "Eveleens, Wim"]
[Black "Jansen, Malte"]
[Result "1-0"]
[WhiteElo "1984"]
[BlackElo "1891"]
[PlyCount "39"]
[EventDate "2025.08.28"]
[WhiteTeam "S.V.De Amstel"]
[BlackTeam "SC Mattmeister Karben 1998"]

1. c4 e6 2. g3 Nf6 3. Bg2 d5 4. Nf3 Be7 5. O-O O-O 6. b3 c5 7. e3 Nc6 8. Bb2 Qc7 9. Nc3 b6 10. Qe2 Ba6 11. d3 Rad8 12. Ne1 dxc4 13. bxc4 Rd7 14. f4 Rfd8 15. g4 Ne8 16. g5 Bf8 17. Rf3 Bxc4 18. Rh3 Bxd3 19. Nxd3 Rxd3 20. Be4 1-0

[Event "34.Schlosspark-Open"]
[Site "Wiesbaden-Biebrich"]
[Date "2025.08.31"]
[Round "7.34"]
[White "Steigleder, Maximilian"]
[Black "Geyler, Stefan"]
[Result "1-0"]
[WhiteElo "1981"]
[BlackElo "1797"]
[PlyCount "73"]
[EventDate "2025.08.28"]
[WhiteTeam "Sfr.1932 Kelkheim"]
[BlackTeam "BSG 1827 Eckbauer e.V."]

1. e4 c5 2. f4 d5 3. exd5 Nf6 4. Bb5+ Bd7 5. Bxd7+ Qxd7 6. Nf3 Qxd5 7. O-O g6 8. Nc3 Qd8 9. Qe2 Nc6 10. d3 Bg7 11. Ne5 Nd4 12. Qf2 O-O 13. Be3 b6 14. Rae1 Rc8 15. g4 Nd5 16. Nxd5 Qxd5 17. c4 Qd6 18. Bxd4 Qxd4 19. Qxd4 cxd4 20. Nf3 b5 21. cxb5 e6 22. Rc1 Rfd8 23. a4 h6 24. Nd2 g5 25. fxg5 hxg5 26. Ne4 Be5 27. Nxg5 Rxc1 28. Rxc1 Bf4 29. Rc5 Kg7 30. Ne4 Rh8 31. Ng3 Kg6 32. Kf2 Rd8 33. h4 Rd7 34. h5+ Kh7 35. Ne4 Kg7 36. Kf3 Bc7 37. h6+ 1-0

[Event "34.Schlosspark-Open"]
[Site "Wiesbaden-Biebrich"]
[Date "2025.08.31"]
[Round "7.35"]
[White "Ruppert, Wolfgang"]
[Black "Ringel, Max"]
[Result "0-1"]
[WhiteElo "2128"]
[BlackElo "1760"]
[PlyCount "89"]
[EventDate "2025.08.28"]
[WhiteTeam "SC Flörsheim 1921"]
[BlackTeam "SK Bad Homburg 1927"]

1. e4 e5 2. Nf3 Nc6 3. Bc4 Bc5 4. c3 Nf6 5. d3 d6 6. O-O h6 7. a4 a6 8. Re1 Bg4 9. Nbd2 O-O 10. h3 Be6 11. a5 Bxc4 12. Nxc4 Re8 13. b4 Ba7 14. Qb3 Ne7 15. d4 exd4 16. e5 dxe5 17. Ncxe5 Rf8 18. Nxd4 Bxd4 19. cxd4 c6 20. Be3 Ned5 21. Rab1 Ne8 22. Bd2 Nd6 23. Qg3 Kh7 24. Re2 Re8 25. Rbe1 Qf6 26. h4 Qf5 27. Nxc6 Rxe2 28. Rxe2 Ne4 29. Qd3 Nd6 30. Ne5 Qxd3 31. Nxd3 Nc4 32. Be1 b6 33. axb6 Ndxb6 34. Re7 f6 35. Nc5 Rd8 36. Rxg7+ Kxg7 37. Ne6+ Kf7 38. Nxd8+ Ke7 39. Nb7 Nd7 40. Nc5 Nxc5 41. dxc5 Kd7 42. Kf1 h5 43. Ke2 Ke6 44. Bc3 f5 45. Kf3 0-1

[Event "34.Schlosspark-Open"]
[Site "Wiesbaden-Biebrich"]
[Date "2025.08.31"]
[Round "7.36"]
[White "Rapp, Matthias"]
[Black "Türkboylari, Bahadir"]
[Result "0-1"]
[WhiteElo "1869"]
[BlackElo "2032"]
[PlyCount "79"]
[EventDate "2025.08.28"]
[WhiteTeam "Sfr.Mainz 1928"]
[BlackTeam "SK Neuburg"]

1. e4 c5 2. Nf3 d6 3. d4 cxd4 4. Nxd4 Nf6 5. Nc3 a6 6. Bc4 e6 7. f3 Qc7 8. Bb3 Nc6 9. Be3 Na5 10. O-O e5 11. Ba4+ Bd7 12. Bxd7+ Qxd7 13. Nf5 h6 14. Nd5 Nc4 15. Nxf6+ gxf6 16. b3 Nxe3 17. Nxe3 Be7 18. Nd5 b5 19. f4 O-O 20. fxe5 fxe5 21. Nf6+ Bxf6 22. Rxf6 Kg7 23. Rxd6 Qa7+ 24. Kh1 Qf2 25. Qh5 Qf4 26. Rad1 Rfc8 27. Qe2 Rc3 28. Rf1 Rxc2 29. Rxf4 Rxe2 30. Rg4+ Kf8 31. h3 Rxa2 32. Rxh6 Ke7 33. Rg5 f6 34. Rg7+ Ke6 35. Rb7 Rg8 36. Rb6+ Kd7 37. g4 Kc7 38. Rbxf6 Rd8 39. Rh7+ Kc8 40. g5 0-1